Brock biology of microorganisms

Salvato in:
Dettagli Bibliografici
Autori principali: Madigan, Michael T. (autor), Martinko, John M (Autore), Parker, Jack (Autore)
Natura: Libro
Lingua:inglese
Pubblicazione: Upper Saddle River Prentice Hall 1996
Edizione:8a. ed
Soggetti:
Tags: Aggiungi Tag
Nessun Tag, puoi essere il primo ad aggiungerne!!

MARC

LEADER 00000nam a2200000 a 4500
001 UCS9623
003 CL-VaPUC
008 971121e19960000us |||||||||||||||||eng|d
082 0 4 |a 576  |b MAD  |2 21 
100 |a Madigan, Michael T.  |e autor  |9 611992 
700 0 |a Martinko, John M  |e author  |9 394864 
700 0 |a Parker, Jack  |e author  |9 394865 
245 1 0 |a Brock biology of microorganisms 
250 |a 8a. ed 
300 |a 986 p 
942 |c BK 
945 |d 19971121 00:00:00  |a rleighto 
260 |a Upper Saddle River  |b Prentice Hall  |c 1996 
650 0 |a Microbiología   |9 259706 
650 0 |a Química celular  |9 373264 
650 0 |a Biología celular  |9 341055 
650 0 |a Nutrición   |9 259434 
650 0 |a Metabolismo  |9 259893 
650 7 |a MACROCELULAS  |2 CL-VaPUC  |9 394866 
650 0 |a Genética molecular  |9 269770 
650 0 |a Virus  |9 316452 
650 0 |a Genética microbiana  |9 361434 
650 0 |a Biotecnología   |9 259561 
650 7 |a MICROBIOLOGIA INDUSTRIAL  |2 CL-VaPUC  |9 262989 
650 0 |a Ecología microbiana  |9 269811 
650 0 |a Inmunología  |9 329894 
583 |a last modification  |c 20171205 01:41:59  |k Rodrigo Vera 
999 |c 263398  |d 263396 
952 |0 0  |1 0  |2 ddc  |4 0  |6 576_000000000000000_MAD_1996  |7 0  |8 A  |9 292676  |a BIBING  |b BIBING  |c RES  |d 2019-11-19  |i 3367606  |l 3  |o 576 MAD 1996  |p 3367606  |r 2025-01-20  |s 2022-09-21  |w 2019-11-19  |y BK  |k CIB